000
00324nam a22001457a 4500
008
210518b ||||| |||| 00| 0 eng d
020
_a
0813101689
041
_a
eng
080
_a
316
082
_a
316
100
_a
50
101
_a
SOC
245
_a
Contemporary American Women Writers
_c
Rainwater,C
942
_2
udc
_c
BK
999
_c
57413
_d
57413